| 000 | 00599nam a2200205 a 4500 | ||
|---|---|---|---|
| 001 | BRCA_3721 | ||
| 005 | 20190320204410.0 | ||
| 008 | 110909s1991----mx-a---###---#000-0#spa-# | ||
| 041 | _aspa | ||
| 044 | _amx | ||
| 050 | 4 |
_aF1391.T4 _b.G35 1991 |
|
| 100 | 1 |
_aGallo Sarlat, Joaquín _99560 |
|
| 245 | 1 | 0 |
_aTepoztlán _bpersonajes, descripciones y sucedidos _cJoaquín Gallo Sarlat. |
| 250 | _a3 | ||
| 260 |
_aMéxico _bTalleres Gráficos de Cultura _c1991 |
||
| 300 |
_a248 p. _bil. _c23 cm. |
||
| 504 | _aBobliografía: p. 245-248 | ||
| 651 | 4 |
_aTepoztlán _xHistoria _zMéxico _99683 |
|
| 942 |
_2lcc _cB |
||
| 999 |
_c3450 _d3450 |
||